000 00737nam a22002537a 4500
001 000405
003 DO-SdBNP
005 20180207111623.0
007 000405
008 160720b 1988 sp ||||| |||| 00| 0 spa d
020 _a8420729698
040 _aBPMSU
_bspa
_cBPMSU
092 _axxxxxx
_bxxxxxx
100 1 _aPérez Avello, Carmen
245 1 0 _aUnos zuecos para mí /
_cCarmen Pérez-Avello ; ilustraciones Teo Puebla.
260 _aMadrid :
_bAnaya,
_c1988.
300 _a84 p. :
_bil. ;
_c19 cm.
490 1 _aEl duende verde
_v14
700 1 2 _aPuebla, Teo,
_d1943-
_eil.
830 0 _aEl duende verde ;
_v14
942 _2ddc
_cBK
945 _ainventariado, 2018 / dg
956 _2LOPEREZ
_310
_620160720
_8BPMSU
_a00041
999 _c10956
_d10956